Lista de los alumnos inscritos en las enseñanzas de esta Escuela, desde 1o de Septiembre de 1894 hasta 1o de Noviembre de 1903 / Escuela Provincial de Agricultura de Barcelona
Descripción Física:
32 p. ; 24 cm
MARC
| LEADER | 00000nam a2200000Ia 4500 | ||
|---|---|---|---|
| 001 | 19566 | ||
| 003 | BGR | ||
| 005 | 20260324180145.0 | ||
| 008 | 160829s1906 xx 000 0 cat d | ||
| 080 | |a 2521 | ||
| 110 | 1 | |a Escuela Provincial de Agricultura |9 70839 | |
| 245 | |a Lista de los alumnos inscritos en las enseñanzas de esta Escuela, desde 1o de Septiembre de 1894 hasta 1o de Noviembre de 1903 / Escuela Provincial de Agricultura de Barcelona | ||
| 260 | |a Barcelona : |b Imprenta de Francisco Altés y Alabart, |c 1906 | ||
| 300 | |a 32 p. ; |c 24 cm | ||
| 590 | |a A la coberta: Nomenclátor | ||
| 650 | |a Escuela Provincial de Agricultura |x Alumnes |9 48073 | ||
| 901 | |a Arxiu | ||
| 942 | |n 1 |2 udc |c MON | ||
| 952 | |0 0 |1 0 |4 0 |6 2521 |7 1 |9 54305 |a Arxiu |b Arxiu |d 2016-12-01 |l 0 |o 2521 |p 19566 |r 2016-12-01 00:00:00 |w 2016-12-01 |y ARXIU | ||
| 999 | |c 58174 |d 58174 | ||